000 01276nab a2200241 i 4500
001 768714001
003 CO-MdFUSB
005 20240517112228.0
008 240517t1972 sp ||||| |||| 00| 0 spa d
040 _bspa
_cCO-MdFUSB
_dCO-MdFUSB
041 _aspa
100 _aSchiffers, Nobert,
_eautor
245 4 _aLas huellas del sufrimiento en la historia y la huella de Dios
_c/ Nobert Schiffers ; traducido por D. Romero
520 _aEl acto de sufrir no puede ser una experiencia, conducta o tarea fija y no puede ser elegido libremente. Quienes sufren son individuos que experimentan el sufrimiento y se consideran prisioneros sin libertad alguna. Están acostumbrados: son indiferentes a la vida y al dolor, por eso se desgastan y envejecen, en su desesperación experimentan esa cosa terrible que se llama paz. Sin esperanza, la perspectiva de quien sufre está vacía.
650 7 _aDios
_9178
650 7 _aSufrimiento
_9281
650 7 _aDolor
_9282
650 7 _aIglesia
_9655
700 _aRomero, D.,
_etraductor
773 0 _049450
_982644
_oR2566
_tRevista internacional de teología Concilium
_w(CO-MdFUSB)8
_x0210-1041
_gNúmero 76, (junio, 1972), páginas: 348 - 358
_qpágina: 348
942 _cANA
945 _aCatherine Arias Alvarez - Practicante SENA
999 _c69770
_d69770